000 00698nam a2200289Ia 4500
005 20260324124119.0
008 008 260324s9999 xx 000 0 eng d
020 _a9780203807286
037 _aEBOOK
040 _aCRL
040 _beng
040 _cCRL
041 _2eng
041 _aeng
084 _qCRL
100 _aThomas G. Weiss; Rama Mani
_91172895
245 0 _aResponsibility to Protect
245 0 _bCultural Perspectives in the Global South
260 _bTaylor and Francis
260 _c2011
365 _a
365 _b230
856 _uhttp://www.taylorfrancis.com/books/9780203807286
942 _cEBOOK
999 _c1767021
_d1767021